00618nam a2200193Ia 4500008004100000020001400041082001700055100002100072245003600093250000800129260004500137300002900182500001900211600002700230650001500257942000700272952013000279999001500409240925s9999 xx 000 0 und d a130995940 a621.3192 FLO aFloyd, Thomas L. 0aPrinciples of Electric Circuits a7th aNew Jersey:bPrintice- Hall Int.c,2003. axxvi,588p.bNAfOriginal aIncludes Index aElectronic Engineering aTechnology cBK 001040708ELaUITUbUITUd2004-01-11eFair Book Centerg495.00l0o621.3192 FLOpQ5891r2024-09-25 07:14:00w2024-09-25yBK c8390d8390